[Event "Lichtenberger Sommer 2023"]
[Site "Berlin"]
[Date "2023.08.14"]
[Round "3.62"]
[White "Winkler, Michael"]
[Black "Gmeiner, Joram"]
[Result "1-0"]
[WhiteElo "1642"]
[BlackElo "1847"]
[PlyCount "43"]
[EventDate "2023.??.??"]
[WhiteTeam "ESV 1949 Eberswalde e.V."]
[BlackTeam "SF Siemensstadt"]

1. d4 Nf6 2. c4 e6 3. Nf3 c5 4. Bg5 cxd4 5. Nxd4 Nc6 6. Nc3 Bb4 7. Rc1 h6 8.
Bh4 O-O 9. e3 Ne5 10. a3 Be7 11. f4 Ng6 12. Bg3 d5 13. Qc2 a6 14. Bd3 dxc4 15.
Bxc4 b5 16. Bxe6 Bb7 17. Qxg6 b4 18. Nf5 Ne8 19. Nxh6+ Kh8 20. Nxf7+ Rxf7 21.
Bxf7 Nf6 22. Bh4 1-0

[Event "Lichtenberger Sommer 2023"]
[Site "Berlin"]
[Date "2023.08.14"]
[Round "3.63"]
[White "Nieber, Alexander"]
[Black "Zesewitz, Marco"]
[Result "1/2-1/2"]
[WhiteElo "1843"]
[BlackElo "1427"]
[PlyCount "84"]
[EventDate "2023.??.??"]
[WhiteTeam "SG Aufbau Elbe Magdeburg"]
[BlackTeam "SV SF Friedrichshagen"]

1. d4 f5 2. Bg5 h6 3. Bh4 g5 4. Bg3 Nf6 5. e3 Bg7 6. h4 g4 7. h5 Ne4 8. Bh4 c5
9. c3 cxd4 10. exd4 Qb6 11. Qc2 Qe6 12. Ne2 Ng5 13. Nd2 d6 14. a3 Nd7 15. O-O-O
Nf8 16. Nf4 Qf7 17. Bc4 e6 18. Rhe1 Kd8 19. Qb3 d5 20. Bf1 b6 21. Kb1 Bb7 22.
Rc1 Rc8 23. Ka1 Bf6 24. f3 gxf3 25. gxf3 Rg8 26. Qb4 Be7 27. Qa4 Bd6 28. Ng6
Nxg6 29. hxg6 Rxg6 30. Qxa7 Qc7 31. Qa4 Ra8 32. Qb3 Bc6 33. c4 Qa7 34. c5 bxc5
35. dxc5 Bxc5 36. f4 Ba4 37. Qc3 Bd4 38. Qb4 Rb8 39. Bxg5+ hxg5 40. Qd6+ Bd7
41. Qf8+ Be8 42. Qd6+ Bd7 1/2-1/2

[Event "Lichtenberger Sommer 2023"]
[Site "Berlin"]
[Date "2023.08.14"]
[Round "3.64"]
[White "Kohlmeyer, Dagobert"]
[Black "Oldenburg, Theo"]
[Result "0-1"]
[WhiteElo "1840"]
[BlackElo "1424"]
[PlyCount "154"]
[EventDate "2023.??.??"]
[WhiteTeam "SG Weißensee 49 e.V."]
[BlackTeam "SV Berolina Mitte e.V."]

1. e4 c5 2. Nf3 Nc6 3. d4 cxd4 4. Nxd4 Nf6 5. Nc3 e5 6. Ndb5 d6 7. Bg5 a6 8.
Bxf6 gxf6 9. Na3 b5 10. Nd5 Bg7 11. c3 f5 12. exf5 Bxf5 13. Qf3 Bd7 14. Bd3 O-O
15. Bf5 Bxf5 16. Qxf5 Ne7 17. Nxe7+ Qxe7 18. Rd1 b4 19. cxb4 Qb7 20. O-O Qxb4
21. Rb1 d5 22. Rfe1 Rfe8 23. Nc2 Qa5 24. a3 Rad8 25. Ne3 e4 26. Ng4 Re6 27. Re3
Qa4 28. Rg3 Rg6 29. h4 Qc2 30. Rf1 h6 31. h5 Re6 32. Nf6+ Kf8 33. Nxd5 Be5 34.
Nf4 Bxf4 35. Qxf4 Qxb2 36. Qc7 Qd4 37. Qf4 Qd2 38. Qxd2 Rxd2 39. Re1 Rd5 40.
Rge3 f5 41. f3 Rde5 42. Kf2 Ke7 43. Kg3 Kd6 44. Rd1+ Rd5 45. Rde1 Ke5 46. f4+
Kd4 47. Kf2 Rb6 48. Rd1+ Kc5 49. Rc1+ Kd6 50. Rg3 Rd2+ 51. Kg1 Kd5 52. Rg6 Rdb2
53. Rd1+ Kc5 54. Rd8 Rb1+ 55. Kh2 Rxg6 56. hxg6 Rb7 57. Rf8 Kd4 58. Rf7 Rb8 59.
g7 Rg8 60. Kg1 Ke3 61. Kf1 Kxf4 62. Ke2 Kg5 63. Ra7 Kg6 64. Rxa6+ Kxg7 65. Ke3
Kf7 66. Kf4 Rxg2 67. Kxf5 e3 68. Ra7+ Kf8 69. Ra4 e2 70. Re4 h5 71. Ke5 Rg7 72.
Kd6 Rg2 73. a4 h4 74. a5 h3 75. a6 Rg6+ 76. Kc5 h2 77. a7 Ra6 0-1

[Event "Lichtenberger Sommer 2023"]
[Site "Berlin"]
[Date "2023.08.14"]
[Round "3.65"]
[White "Bezhenar, Georgy"]
[Black "Rohde, Carmen"]
[Result "1-0"]
[WhiteElo "1833"]
[BlackElo "1000"]
[PlyCount "47"]
[EventDate "2023.??.??"]
[WhiteTeam "SC Kreuzberg e.V."]
[BlackTeam "SV Mattnetz Berlin e.V."]

1. d4 d5 2. c4 dxc4 3. e3 Be6 4. Nc3 Nf6 5. Nf3 g6 6. Ng5 Bf5 7. Bxc4 e6 8. e4
Bh6 9. exf5 Bxg5 10. Bxg5 exf5 11. O-O O-O 12. Re1 Nbd7 13. Nd5 Kg7 14. Re7 c6
15. Rxd7 Qxd7 16. Bxf6+ Kg8 17. Ne7+ Qxe7 18. Bxe7 Rfe8 19. Bf6 b5 20. Qd2 Re6
21. Bxe6 fxe6 22. Qh6 Kf7 23. Qg7+ Ke8 24. Qe7# 1-0

[Event "Lichtenberger Sommer 2023"]
[Site "Berlin"]
[Date "2023.08.14"]
[Round "3.66"]
[White "Rotermund, Verena"]
[Black "Scheide, Helmut"]
[Result "0-1"]
[WhiteElo "1553"]
[BlackElo "1832"]
[PlyCount "74"]
[EventDate "2023.??.??"]
[WhiteTeam "Vorw.Orient Mainz"]
[BlackTeam "USV Potsdam e.V., Abt. Schach"]

1. e4 e5 2. Nf3 Nc6 3. Bb5 a6 4. Ba4 Nf6 5. O-O Be7 6. Re1 b5 7. Bb3 O-O 8. c3
d5 9. exd5 Nxd5 10. d3 Nf6 11. a4 Rb8 12. axb5 axb5 13. Bg5 Bg4 14. Ra6 Qd7 15.
h3 Bh5 16. Nbd2 Ra8 17. Qa1 Rab8 18. d4 h6 19. Bxf6 gxf6 20. d5 Nd8 21. Qc1 Nb7
22. Bc2 Kg7 23. Nxe5 fxe5 24. Rxe5 Bg6 25. Bxg6 fxg6 26. Rae6 Bc5 27. Ne4 Rbe8
28. Nf6 Rxf6 29. Rxe8 Rxf2 30. Kh1 Bd6 31. Re1 Qf5 32. c4 Bb4 33. Rg1 Bd2 34.
Qd1 bxc4 35. Re7+ Kf6 36. Rxc7 Bf4 37. Rxb7 Qxh3+ 0-1

[Event "Lichtenberger Sommer 2023"]
[Site "Berlin"]
[Date "2023.08.14"]
[Round "3.67"]
[White "Stark, Ingo"]
[Black "Aßmus, Sven"]
[Result "1-0"]
[WhiteElo "2106"]
[BlackElo "1683"]
[PlyCount "101"]
[EventDate "2023.??.??"]
[WhiteTeam "TSG Oberschöneweide e.V."]
[BlackTeam "SV Mattnetz Berlin e.V."]

1. e4 c6 2. Nc3 d5 3. Nf3 dxe4 4. Nxe4 Bf5 5. Ng3 Bg6 6. h4 h6 7. Ne5 Bh7 8.
Bc4 e6 9. Qe2 Qd6 10. d4 Nd7 11. Bf4 Nxe5 12. Bxe5 Qd7 13. O-O-O O-O-O 14. Nh5
Ne7 15. Nxg7 Bxg7 16. Bxg7 Rhg8 17. Bxh6 Rxg2 18. Bf4 Rdg8 19. Bg5 Bf5 20. Rd2
Nd5 21. Qe5 Qc7 22. Qxc7+ Kxc7 23. Bf1 Rg4 24. Bh3 R4xg5 25. hxg5 Rxg5 26. Bxf5
Rxf5 27. c4 Nf6 28. Rh4 Rf3 29. Kd1 Kd6 30. Ke2 Rf5 31. f4 Kc7 32. Ke3 Kd6 33.
Rg2 Ra5 34. b3 Rf5 35. Rg5 Ke7 36. Kf3 Kd7 37. Rh6 Ke7 38. Rh8 Ne8 39. Rgg8 Nf6
40. Rg5 Ne8 41. a4 Kd7 42. Kg3 Ke7 43. Rxf5 exf5 44. Kh4 Nd6 45. Kg5 f6+ 46.
Kg6 Ke6 47. Rb8 b6 48. Ra8 a5 49. Rb8 b5 50. axb5 cxb5 51. cxb5 1-0

[Event "Lichtenberger Sommer 2023"]
[Site "Berlin"]
[Date "2023.08.14"]
[Round "3.68"]
[White "Janoschka, Julien"]
[Black "Strehlow, Horst"]
[Result "1-0"]
[WhiteElo "1480"]
[BlackElo "1900"]
[PlyCount "129"]
[EventDate "2023.??.??"]
[WhiteTeam "SF Nordost Berlin"]
[BlackTeam "SG TT/WiHeil"]

1. Nc3 c5 2. Nf3 d6 3. d4 cxd4 4. Nxd4 a6 5. e4 Nf6 6. Bd3 g6 7. Be3 Bg7 8. Qd2
Ng4 9. Nb3 Nxe3 10. Qxe3 Nd7 11. O-O O-O 12. Kh1 b5 13. f4 e6 14. Rae1 Bb7 15.
a3 Rc8 16. Nd1 Nb6 17. c3 Nc4 18. Bxc4 Rxc4 19. Nd2 Rc5 20. Nf2 Qc7 21. Nd3 Rc6
22. h4 Qe7 23. Qg3 Bf6 24. Re3 Bxh4 25. Qh2 Bf6 26. Rh3 h5 27. Rff3 Bg7 28.
Rfg3 Rc7 29. Rg5 Rfc8 30. Qg3 Kf8 31. f5 exf5 32. exf5 Be5 33. Nxe5 Qxe5 34.
fxg6 Qxg3 35. g7+ Kg8 36. Rgxg3 f6 37. Rxh5 Rxg7 38. Rxg7+ Kxg7 39. Kg1 Rc5 40.
Rxc5 dxc5 41. c4 Kg6 42. Nb3 bxc4 43. Nxc5 Bc8 44. Kf2 Kf5 45. Ke3 Ke5 46. Ne4
f5 47. Nc3 f4+ 48. Kf2 Bb7 49. Ne2 Ke4 50. Nc1 Bc6 51. Ke2 Kd4 52. Kf2 Be4 53.
Ne2+ Kd3 54. Nxf4+ Kc2 55. g4 Kxb2 56. Ke3 c3 57. Kxe4 c2 58. Ne2 Kxa3 59. g5
Kb2 60. g6 a5 61. g7 a4 62. g8=Q a3 63. Qg1 a2 64. Qc1+ Kb3 65. Kd3 1-0

[Event "Lichtenberger Sommer 2023"]
[Site "Berlin"]
[Date "2023.08.14"]
[Round "3.69"]
[White "Vandre, Wolfgang"]
[Black "Engelhardt, Erhard"]
[Result "1-0"]
[WhiteElo "2095"]
[BlackElo "1709"]
[PlyCount "55"]
[EventDate "2023.??.??"]
[WhiteTeam "SC Berolina Mitte e.V."]
[BlackTeam "SSV Rotation Berlin e.V."]

1. d4 e6 2. c4 b6 3. Nc3 Bb7 4. e3 Bb4 5. Nge2 f5 6. a3 Bxc3+ 7. Nxc3 Nf6 8. d5
exd5 9. cxd5 d6 10. Be2 O-O 11. Qc2 Kh8 12. Bc4 Qe7 13. O-O Ba6 14. Bxa6 Nxa6
15. b4 Rae8 16. Qxf5 Nb8 17. Qd3 Ng4 18. f4 Qh4 19. h3 Nf6 20. Bd2 a6 21. Rae1
Nfd7 22. Ne4 h6 23. Nf2 Rf7 24. Kh2 Ref8 25. Bc3 Kg8 26. g3 Qd8 27. Ng4 h5 28.
Nh6+ 1-0

[Event "Lichtenberger Sommer 2023"]
[Site "Berlin"]
[Date "2023.08.14"]
[Round "3.70"]
[White "Dreke, Frank"]
[Black "Sklorz, Tobias"]
[Result "0-1"]
[WhiteElo "1946"]
[BlackElo "1658"]
[PlyCount "100"]
[EventDate "2023.??.??"]
[WhiteTeam "SV Mattnetz Berlin e.V."]
[BlackTeam "Tempelhofer SV Mariendorf 1897"]

1. e4 e6 2. d4 d5 3. Bd3 dxe4 4. Bxe4 Nf6 5. Bf3 c5 6. Be3 cxd4 7. Qxd4 Qxd4 8.
Bxd4 Be7 9. c4 Nc6 10. Bc3 O-O 11. a3 e5 12. Bxc6 bxc6 13. Bxe5 Ng4 14. Bd4 c5
15. Bc3 Bb7 16. Ne2 Bxg2 17. Rg1 Bf3 18. Rg3 Bxe2 19. Kxe2 Nf6 20. b4 Nh5 21.
Re3 Nf4+ 22. Kf3 Ne6 23. Nd2 Rfd8 24. Rg1 g6 25. Nb3 Rac8 26. b5 Bf8 27. Bf6
Rd7 28. Na5 Bg7 29. Bxg7 Kxg7 30. Rc1 Kf8 31. Rcc3 Rd2 32. Rcd3 Rd8 33. Rxd8+
Rxd8 34. Nc6 Nd4+ 35. Ke4 Nxc6 36. bxc6 Rd6 37. Rb3 Rxc6 38. Kd5 Rf6 39. Kxc5
Rxf2 40. Rb8+ Kg7 41. Ra8 Rxh2 42. Rxa7 h5 43. Kd6 h4 44. c5 h3 45. Ra4 Rd2+
46. Ke7 g5 47. Rc4 h2 48. Rc1 Rg2 49. Rh1 Rc2 50. c6 g4 0-1

[Event "Lichtenberger Sommer 2023"]
[Site "Berlin"]
[Date "2023.08.14"]
[Round "3.71"]
[White "Paashaus, Detlef"]
[Black "Beduschi, Ben"]
[Result "0-1"]
[WhiteElo "1931"]
[BlackElo "1604"]
[PlyCount "96"]
[EventDate "2023.??.??"]
[WhiteTeam "HSK Lister Turm"]
[BlackTeam "Barnimer SF im SV Sta"]

1. d4 Nf6 2. Nf3 d5 3. e3 e6 4. Bd3 b6 5. Nbd2 Bb7 6. O-O Bd6 7. Qe2 Ne4 8. Ne5
O-O 9. f3 Bxe5 10. fxe4 dxe4 11. dxe5 exd3 12. cxd3 Qd5 13. Qf3 Ba6 14. Nc4
Qxf3 15. gxf3 Rd8 16. b3 Rxd3 17. Bb2 Bxc4 18. bxc4 Nc6 19. Rae1 Rad8 20. f4
Nb4 21. e4 Nc2 22. Rc1 Ne3 23. Rfe1 Rd1 24. Kf2 Rxe1 25. Kxe1 Ng2+ 26. Ke2
Nxf4+ 27. Ke3 Ng6 28. c5 Rd7 29. a4 h5 30. Ba3 Nxe5 31. cxb6 axb6 32. Bb2 Ng6
33. a5 bxa5 34. Rc5 h4 35. Rxa5 Rd1 36. Ra8+ Kh7 37. Rc8 Rh1 38. Rxc7 Rxh2 39.
Bd4 Rh3+ 40. Kf2 Nh8 41. Rc5 Ng6 42. Rc7 e5 43. Bc3 f6 44. Ba5 Ra3 45. Bb6 h3
46. Rd7 Nf4 47. Kg1 Ra4 48. Bd8 Kg6 0-1

[Event "Lichtenberger Sommer 2023"]
[Site "Berlin"]
[Date "2023.08.14"]
[Round "3.72"]
[White "Schmidt, Jürgen"]
[Black "Lotzmanov, Peter"]
[Result "1-0"]
[WhiteElo "1891"]
[BlackElo "1591"]
[PlyCount "43"]
[EventDate "2023.??.??"]
[WhiteTeam "SC Kreuzberg e.V."]
[BlackTeam "BSG Stahl Eisenhüttenstadt e.V."]

1. e4 c5 2. Nf3 d6 3. d4 cxd4 4. Nxd4 Nf6 5. Nc3 e6 6. Be2 Be7 7. Be3 a6 8. Qd2
b5 9. a3 Bb7 10. f3 Nbd7 11. O-O d5 12. exd5 Nxd5 13. Nxd5 Bxd5 14. Rac1 Rc8
15. a4 bxa4 16. Bxa6 Rb8 17. c4 Ba8 18. Bb5 a3 19. bxa3 Bxa3 20. Rcd1 Rb7 21.
Nc6 Qc7 22. Qa2 1-0

[Event "Lichtenberger Sommer 2023"]
[Site "Berlin"]
[Date "2023.08.14"]
[Round "3.73"]
[White "Muskewitz, Bernd"]
[Black "Hildebrand, Jörg"]
[Result "1-0"]
[WhiteElo "1879"]
[BlackElo "1552"]
[PlyCount "119"]
[EventDate "2023.??.??"]
[WhiteTeam "SF Nordost Berlin"]
[BlackTeam "SF Berlin 1903 e.V."]

1. e4 e5 2. Nf3 d6 3. d4 exd4 4. Nxd4 Nf6 5. Nc3 Be7 6. Bc4 O-O 7. O-O Nc6 8.
Bf4 Ne5 9. Bb3 a6 10. a4 Re8 11. f3 Bf8 12. Qd2 c5 13. Nde2 Be6 14. Bxe6 Rxe6
15. Bg5 h6 16. Bh4 Ng6 17. Bf2 Rc8 18. Rfd1 Re8 19. Bg3 Rc6 20. Bf2 Qb8 21. a5
Ne5 22. b3 Rd8 23. Bg3 Be7 24. Nf4 d5 25. Nfxd5 Kf8 26. Qf4 Ned7 27. Qd2 Bd6
28. Nxf6 Nxf6 29. Bxd6+ Rcxd6 30. Qe3 Rxd1+ 31. Rxd1 Rxd1+ 32. Nxd1 Qd6 33. Qd3
Qd4+ 34. Qxd4 cxd4 35. Nb2 Ne8 36. Nc4 Ke7 37. Kf2 Nc7 38. Ke2 Ke6 39. Kd3 Nb5
40. f4 Kd7 41. Ne5+ Ke6 42. Nf3 Kd6 43. Nxd4 Kc5 44. Nxb5 Kxb5 45. e5 Kxa5 46.
Kd4 Kb6 47. Kd5 Kc7 48. f5 Kd7 49. g4 b6 50. c4 a5 51. h3 g6 52. c5 b5 53. c6+
Ke7 54. e6 fxe6+ 55. fxe6 a4 56. bxa4 bxa4 57. c7 a3 58. c8=Q a2 59. Qc5+ Ke8
60. Kd6 1-0

[Event "Lichtenberger Sommer 2023"]
[Site "Berlin"]
[Date "2023.08.14"]
[Round "3.74"]
[White "Morper, Justus"]
[Black "Willich, Manfred"]
[Result "0-1"]
[WhiteElo "1432"]
[BlackElo "1837"]
[PlyCount "64"]
[EventDate "2023.??.??"]
[WhiteTeam "SV Mattnetz Berlin e.V."]
[BlackTeam "SK Turm Bad Hersfeld"]

1. e4 c5 2. c3 d5 3. exd5 Qxd5 4. d4 e6 5. Nf3 Nf6 6. Be2 Nc6 7. O-O cxd4 8.
cxd4 Be7 9. Nc3 Qd6 10. Be3 O-O 11. Qd2 b6 12. Rad1 Nb4 13. Bf4 Qd8 14. Ne5 Bb7
15. a3 Nbd5 16. Bf3 Rc8 17. Bg3 a6 18. Rc1 b5 19. Qd3 Qa5 20. b4 Qd8 21. Nxd5
Bxd5 22. Bxd5 Qxd5 23. Rfd1 Rfd8 24. f3 Nh5 25. Bf2 Nf4 26. Qe3 Bg5 27. Kf1
Rxc1 28. Qxc1 f6 29. Ng4 Nxg2 30. Qc5 Qxf3 31. Qe7 Qxd1+ 32. Kxg2 Qxg4+ 0-1

[Event "Lichtenberger Sommer 2023"]
[Site "Berlin"]
[Date "2023.08.14"]
[Round "3.75"]
[White "Kandeler, Christian"]
[Black "Straßburg, Moritz"]
[Result "1/2-1/2"]
[WhiteElo "1804"]
[BlackElo "1300"]
[PlyCount "86"]
[EventDate "2023.??.??"]
[WhiteTeam "TSG Oberschöneweide e.V."]
[BlackTeam "SF Nordost Berlin"]

1. e4 c5 2. c3 d6 3. d4 cxd4 4. cxd4 Nf6 5. Nc3 g6 6. Nf3 Bg4 7. Be2 Bg7 8. h3
Bxf3 9. Bxf3 Nc6 10. O-O O-O 11. Be3 e5 12. d5 Ne7 13. Qb3 Qd7 14. Rac1 b6 15.
Be2 a6 16. Rc2 b5 17. Rfc1 Rfb8 18. f3 Nh5 19. Nd1 Rc8 20. Kf2 f5 21. Rxc8+
Rxc8 22. Rxc8+ Nxc8 23. Qc3 f4 24. Bd2 Qb7 25. Qc6 Qa7+ 26. Ne3 fxe3+ 27. Bxe3
Qb8 28. Qxa6 b4 29. Bd2 Nf4 30. Bb5 Qa7+ 31. Qxa7 Nxa7 32. Bc4 b3 33. axb3 Bh6
34. Be3 Nc8 35. b4 Bg5 36. Ba6 Ne7 37. b5 Nd3+ 38. Ke2 Bxe3 39. Kxe3 Nc5 40. f4
exf4+ 41. Kxf4 g5+ 42. Ke3 Kf7 43. Kd4 Nb3+ 1/2-1/2

[Event "Lichtenberger Sommer 2023"]
[Site "Berlin"]
[Date "2023.08.14"]
[Round "3.76"]
[White "Rapp, David"]
[Black "Rouditser, Benjamin"]
[Result "0-1"]
[WhiteElo "1271"]
[BlackElo "1756"]
[PlyCount "58"]
[EventDate "2023.??.??"]
[WhiteTeam "SV Königsjäger Süd-West e.V."]
[BlackTeam "SG Lasker Stegli"]

1. d4 d5 2. c4 c6 3. Nf3 Nf6 4. e3 a6 5. Be2 Bf5 6. Qb3 Ra7 7. c5 Nbd7 8. Nc3
e5 9. Na4 Be7 10. Bd2 O-O 11. O-O Bg4 12. h3 Bh5 13. Bd1 Ne4 14. Be1 f5 15. Nd2
Bxd1 16. Rxd1 Bf6 17. Nxe4 fxe4 18. Nb6 exd4 19. Nxd7 Qxd7 20. exd4 Raa8 21.
Ba5 Rae8 22. Rfe1 Bh4 23. Rd2 Qf7 24. Qe3 h6 25. Rde2 Re6 26. Rf1 Rg6 27. Be1
Rg3 28. fxg3 Qxf1+ 29. Kh2 Bg5 0-1

[Event "Lichtenberger Sommer 2023"]
[Site "Berlin"]
[Date "2023.08.14"]
[Round "3.78"]
[White "Tedesco, Gennaro"]
[Black "Lippert, Marc"]
[Result "1-0"]
[WhiteElo "1712"]
[BlackElo "1103"]
[PlyCount "94"]
[EventDate "2023.??.??"]
[WhiteTeam "SC Kreuzberg e.V."]
[BlackTeam "SVG Läufer Reinickendorf e.V."]

1. c4 c5 2. g3 g6 3. Bg2 Bg7 4. Nc3 Nf6 5. Nf3 Nc6 6. O-O O-O 7. d4 d5 8. cxd5
Nxd5 9. Nxd5 Qxd5 10. dxc5 Rd8 11. Qxd5 Rxd5 12. e4 Rxc5 13. Rb1 Be6 14. b3 Rc2
15. a3 Nd4 16. Nxd4 Bxd4 17. a4 Rac8 18. Ba3 Ra2 19. Bb4 Rcc2 20. Be1 Bg4 21.
e5 Be2 22. Be4 Rcb2 23. Rxb2 Rxb2 24. Bxb7 Bxf1 25. Kxf1 Bxe5 26. Bd5 Rb1 27.
Ke2 Bc3 28. Bxc3 e6 29. Bc4 Rh1 30. h4 Rc1 31. Bd4 Kf8 32. Bxa7 Ke7 33. a5 Kd7
34. Be3 Ra1 35. a6 Kc6 36. a7 Kb7 37. Kf3 Rxa7 38. Bxa7 Kxa7 39. Ke4 Kb6 40.
Ke5 Kc6 41. Kf6 Kd6 42. Kxf7 Ke5 43. Kg7 Kf5 44. Kxh7 e5 45. Bd3+ Kg4 46. Kxg6
Kf3 47. h5 e4 1-0

[Event "Lichtenberger Sommer 2023"]
[Site "Berlin"]
[Date "2023.08.14"]
[Round "3.79"]
[White "Koerber, Bernhard"]
[Black "Donath, Johann"]
[Result "0-1"]
[WhiteElo "1451"]
[BlackElo "2043"]
[PlyCount "68"]
[EventDate "2023.??.??"]
[WhiteTeam "SG Lasker Stegli"]
[BlackTeam "BSV 63 Chemie Weißensee"]

1. e4 e5 2. Nf3 Nc6 3. Bb5 a6 4. Bxc6 dxc6 5. O-O Bg4 6. h3 Bh5 7. g4 Bg6 8.
Nxe5 Qh4 9. Qf3 f6 10. Nxg6 hxg6 11. Kg2 g5 12. d3 O-O-O 13. Be3 Kb8 14. Rh1
Ne7 15. Nc3 Qh7 16. Rad1 Ng6 17. Qe2 Bd6 18. Qf1 Qg8 19. b3 Qe6 20. Ne2 Nh4+
21. Kg1 Nf3+ 22. Kg2 Nh4+ 23. Kg1 g6 24. f4 gxf4 25. Nxf4 Qe5 26. Qf2 f5 27.
Bd4 Nf3+ 28. Qxf3 Qxd4+ 29. Kg2 fxe4 30. dxe4 Qb2 31. Nd3 Qxc2+ 32. Qf2 Qc3 33.
Rhe1 Be5 34. Nxe5 Qxh3+ 0-1

[Event "Lichtenberger Sommer 2023"]
[Site "Berlin"]
[Date "2023.08.14"]
[Round "3.80"]
[White "Nguyen, Viet Anh"]
[Black "Kretzschmar, Jan"]
[Result "0-1"]
[WhiteElo "1425"]
[BlackElo "1803"]
[PlyCount "34"]
[EventDate "2023.??.??"]
[WhiteTeam "SC Friesen Lichtenberg e.V."]
[BlackTeam "SC Kreuzberg e.V."]

1. e4 c5 2. Nf3 e6 3. d4 cxd4 4. Nxd4 a6 5. Nc3 Qc7 6. a3 Nc6 7. Be3 Nf6 8. Bc4
Be7 9. O-O O-O 10. f4 Nxd4 11. Qxd4 Ng4 12. Na4 Nxe3 13. Qxe3 Qxc4 14. Nb6 Qc5
15. Qf2 Rb8 16. b4 Qxf2+ 17. Rxf2 Bd8 0-1

[Event "Lichtenberger Sommer 2023"]
[Site "Berlin"]
[Date "2023.08.14"]
[Round "3.81"]
[White "Bruening, Wolfgang"]
[Black "Geiß, Anne"]
[Result "1-0"]
[WhiteElo "1801"]
[BlackElo "1437"]
[PlyCount "111"]
[EventDate "2023.??.??"]
[WhiteTeam "vereinslos"]
[BlackTeam "SC Kreuzberg e.V."]

1. Nf3 Nf6 2. d4 d5 3. c4 dxc4 4. e3 c6 5. Bxc4 e6 6. O-O b5 7. Bd3 Be7 8. Qe2
Nbd7 9. Rd1 Qc7 10. e4 O-O 11. Bg5 a6 12. a4 Bb7 13. Qc2 h6 14. Bxf6 Nxf6 15.
axb5 axb5 16. Rxa8 Rxa8 17. Rc1 Qb6 18. Nbd2 Rc8 19. Nb3 Nd7 20. Nc5 Bxc5 21.
dxc5 Qc7 22. Qc3 e5 23. Bc2 Re8 24. Bb3 Nf6 25. Qe3 Bc8 26. Rd1 Ng4 27. Qd3 Nf6
28. h3 Qd7 29. Qe3 Qc7 30. Rd6 Rd8 31. Rxd8+ Qxd8 32. Nxe5 Be6 33. Bxe6 fxe6
34. Nxc6 Qc7 35. Nb4 Qe5 36. Nd3 Qxe4 37. Qxe4 Nxe4 38. f3 Nf6 39. Kf2 Nd5 40.
g3 g5 41. f4 Kf7 42. fxg5 hxg5 43. Kf3 Kf6 44. Ke4 b4 45. c6 b3 46. Nc5 Nc7 47.
Nxb3 e5 48. Nc5 Nb5 49. Nd7+ Ke6 50. Nf8+ Kf6 51. Nh7+ Kg6 52. Nxg5 Kf6 53. Nf3
Nd6+ 54. Kd5 e4 55. Ne5 e3 56. Ng4+ 1-0

[Event "Lichtenberger Sommer 2023"]
[Site "Berlin"]
[Date "2023.08.14"]
[Round "3.82"]
[White "Schilling, Hans"]
[Black "Sauer, Jakob"]
[Result "1/2-1/2"]
[WhiteElo "1763"]
[BlackElo "1353"]
[PlyCount "89"]
[EventDate "2023.??.??"]
[WhiteTeam "SF Nordost Berlin"]
[BlackTeam "TSG Oberschöneweide e.V."]

1. d4 d5 2. Nf3 Bf5 3. e3 Nf6 4. Bd3 Bxd3 5. Qxd3 e6 6. Qb5+ Qd7 7. Qxb7 Qc6 8.
Qxc6+ Nxc6 9. c3 Rb8 10. b3 Ne4 11. Nfd2 e5 12. Nxe4 dxe4 13. Ba3 exd4 14. Bxf8
Kxf8 15. exd4 Ne7 16. O-O Nd5 17. Re1 f5 18. c4 Nb4 19. Re2 Rd8 20. d5 c6 21.
Nc3 cxd5 22. Nxd5 Nxd5 23. cxd5 Rxd5 24. f3 exf3 25. gxf3 Kf7 26. Rc1 Rhd8 27.
Kf2 Rd1 28. Rxd1 Rxd1 29. Rc2 Ke6 30. Ke2 Rh1 31. Ke3 Re1+ 32. Kf2 Rd1 33. Ke3
g5 34. h4 Re1+ 35. Kf2 Rh1 36. Kg2 Rxh4 37. Rc7 a5 38. a3 g4 39. Ra7 gxf3+ 40.
Kg3 f2 41. Ra6+ Ke7 42. Kxf2 Rh3 43. Rxa5 Rxb3 44. Rxf5 Rxa3 45. Rh5 1/2-1/2

[Event "Lichtenberger Sommer 2023"]
[Site "Berlin"]
[Date "2023.08.14"]
[Round "3.83"]
[White "Rausch, Erik"]
[Black "Hauer, Benno"]
[Result "1-0"]
[WhiteElo "1760"]
[BlackElo "1330"]
[PlyCount "31"]
[EventDate "2023.??.??"]
[WhiteTeam "SC Kreuzberg e.V."]
[BlackTeam "SVG Saarbrücken 1970 e.V."]

1. e4 c5 2. Nf3 g6 3. c3 Bg7 4. d4 cxd4 5. cxd4 Nc6 6. Nc3 d6 7. Be2 a6 8. a4
Bd7 9. Be3 Nf6 10. O-O Ng4 11. Bf4 e6 12. Bxd6 Qb6 13. e5 Qxb2 14. Ne4 Nh6 15.
Rb1 Qa2 16. Nc3 1-0

[Event "Lichtenberger Sommer 2023"]
[Site "Berlin"]
[Date "2023.08.14"]
[Round "3.84"]
[White "Biermann, Oliver"]
[Black "Hoppe, Arthur"]
[Result "0-1"]
[WhiteElo "1174"]
[BlackElo "1591"]
[PlyCount "28"]
[EventDate "2023.??.??"]
[WhiteTeam "SC Kreuzberg e.V."]
[BlackTeam "SC Kreuzberg e.V."]

1. d4 d5 2. Nf3 Nf6 3. Bf4 e6 4. e3 Bd6 5. c3 c5 6. Bd3 Qc7 7. Ne5 Nc6 8. Nd2
Nxe5 9. dxe5 Bxe5 10. Bxe5 Qxe5 11. O-O Bd7 12. Nf3 Qc7 13. Rc1 e5 14. Re1 e4
0-1

[Event "Lichtenberger Sommer 2023"]
[Site "Berlin"]
[Date "2023.08.14"]
[Round "3.85"]
[White "Müller, Johannes"]
[Black "Ali, Maha"]
[Result "1-0"]
[WhiteElo "1651"]
[BlackElo "1325"]
[PlyCount "53"]
[EventDate "2023.??.??"]
[WhiteTeam "SC Eintracht Berlin e.V."]
[BlackTeam "SK Zehlendorf e.V."]

1. e4 c6 2. d4 d5 3. e5 Bf5 4. g4 Bg6 5. e6 Nf6 6. h4 h6 7. h5 Bh7 8. exf7+
Kxf7 9. Bd3 e6 10. Bxh7 Nxh7 11. Qd3 Qf6 12. f4 Bd6 13. Nf3 Bxf4 14. Bxf4 Qxf4
15. Ne5+ Kg8 16. Rf1 Qc1+ 17. Ke2 Qxb2 18. Qg6 Qb5+ 19. Nd3 Nf6 20. Rxf6 Na6
21. Qf7+ Kh7 22. Rg6 Rhg8 23. Nd2 Kh8 24. Rf1 Qb6 25. Rff6 Qxd4 26. Rxh6+ gxh6
27. Rxh6# 1-0

[Event "Lichtenberger Sommer 2023"]
[Site "Berlin"]
[Date "2023.08.14"]
[Round "3.87"]
[White "Zesewitz, Uwe"]
[Black "Krawczyk, Harald"]
[Result "1/2-1/2"]
[WhiteElo "1378"]
[BlackElo "1641"]
[PlyCount "77"]
[EventDate "2023.??.??"]
[WhiteTeam "SV SF Friedrichshagen"]
[BlackTeam "SG Rot-Weiß Neuenhagen"]

1. f4 d5 2. Nf3 Nf6 3. e3 Nbd7 4. b3 e6 5. Bb2 h6 6. Be2 Be7 7. O-O c5 8. Qe1
a6 9. d3 b5 10. Nbd2 Rg8 11. Ne5 Qb6 12. Bf3 Rb8 13. c4 Bb7 14. Qe2 d4 15. Bxb7
Rxb7 16. e4 Qd6 17. Nxd7 Nxd7 18. e5 Qb8 19. Rf3 Nf8 20. Raf1 f6 21. Bc1 f5 22.
Rh3 Kd7 23. Rff3 g5 24. Rxh6 gxf4 25. Rfh3 Ng6 26. Nf3 Kc6 27. Rh7 Bd8 28. R3h6
Rxh7 29. Rxh7 Bb6 30. h4 Rh8 31. Rxh8 Qxh8 32. Qf2 Qh5 33. g3 fxg3 34. Qxg3 Bd8
35. Bg5 Bxg5 36. hxg5 Kd7 37. Kf2 Ke7 38. cxb5 axb5 39. a3 1/2-1/2

[Event "Lichtenberger Sommer 2023"]
[Site "Berlin"]
[Date "2023.08.14"]
[Round "3.88"]
[White "Lippianowski, Stefan"]
[Black "Schade, Stanley"]
[Result "0-1"]
[WhiteElo "1064"]
[BlackElo "1500"]
[PlyCount "28"]
[EventDate "2023.??.??"]
[WhiteTeam "SV Mattnetz Berlin e.V."]
[BlackTeam "vereinslos"]

1. e4 c6 2. Bc4 d5 3. exd5 cxd5 4. Bb5+ Nc6 5. Qf3 Nf6 6. Nc3 Bg4 7. Bxc6+ bxc6
8. Qe3 d4 9. Qd3 dxc3 10. Qxc3 Qb6 11. h3 Bc8 12. d3 e6 13. Be3 Qb7 14. Ne2 Bb4
0-1

[Event "Lichtenberger Sommer 2023"]
[Site "Berlin"]
[Date "2023.08.14"]
[Round "3.89"]
[White "von Huebschmann, Andreas"]
[Black "Lange, Christoph"]
[Result "1-0"]
[WhiteElo "1617"]
[BlackElo "1320"]
[PlyCount "59"]
[EventDate "2023.??.??"]
[WhiteTeam "vereinslos"]
[BlackTeam "TSG Oberschöneweide e.V."]

1. d4 d5 2. c4 e6 3. Nc3 Nf6 4. cxd5 exd5 5. e3 c6 6. Bd3 Bd6 7. Nf3 O-O 8. O-O
Re8 9. Qc2 Bg4 10. Ng5 h6 11. Bh7+ Kf8 12. Nxf7 Kxf7 13. Bg6+ Kf8 14. Bxe8 Qxe8
15. f3 Bh5 16. e4 Bg6 17. Qe2 Bc7 18. e5 Nh7 19. f4 Qe7 20. f5 Be8 21. f6 gxf6
22. Bxh6+ Kf7 23. Qh5+ Ke6 24. Qf5+ Kf7 25. Qxh7+ Ke6 26. Qf5+ Kf7 27. Rae1 Bd7
28. Qh7+ Ke8 29. Qg8+ Qf8 30. Qxf8# 1-0